Polymerase chain reaction based assays for species. Specific detection of Fusarium culmorum, F. graminearum and F. avenaceum (Record no. 65272)

MARC details
000 -LEADER
fixed length control field 00468nam a2200157Ia 4500
100 ## - MAIN ENTRY--AUTHOR NAME
Personal name Schilling A G
245 #0 - TITLE STATEMENT
Title Polymerase chain reaction based assays for species. Specific detection of Fusarium culmorum, F. graminearum and F. avenaceum
260 ## - PUBLICATION, DISTRIBUTION, ETC. (IMPRINT)
Name of publisher Phytopathology
Year of publication 1996
300 ## - PHYSICAL DESCRIPTION
Number of Pages 515-522
650 ## - SUBJECT ADDED ENTRY--TOPICAL TERM
Topical Term Fusarium culmorum
650 ## - SUBJECT ADDED ENTRY--TOPICAL TERM
Topical Term PCR
700 ## - ADDED ENTRY--PERSONAL NAME
Personal name Geiger H H
700 ## - ADDED ENTRY--PERSONAL NAME
Personal name Mollerr E M
942 ## - ADDED ENTRY ELEMENTS (KOHA)
Koha item type Journals
Holdings
Withdrawn status Lost status Damaged status Not for loan Home library Current library Shelving location Date acquired Serial Enumeration / chronology Koha item type
      Journals RRII Library RRII Library PCR 17/12/2021 Volume 86, Issue 5 Journals